[Event "Barcelona Sant Marti op-B 22nd"]
[Site "Barcelona"]
[Date "2022.07.21"]
[Round "9"]
[White "Le Blevec, Yelisey"]
[Black "Campins Barberia, Jon"]
[Result "1-0"]
[WhiteElo "1421"]
[BlackElo "1624"]
[PlyCount "125"]
[EventDate "2022.07.13"]
[EventType "swiss"]
[EventRounds "9"]
[EventCountry "ESP"]
[SourceTitle "CBM 210 Extra"]
[Source "ChessBase"]
[SourceDate "2022.11.30"]
[SourceVersion "1"]
[SourceVersionDate "2022.11.30"]
[SourceQuality "1"]

1. e4 e5 2. Nf3 Nc6 3. Bb5 a6 4. Ba4 Nf6 5. 0-0 b5 6. Bb3 Bc5 7. Re1 d6 8. h3 h6 9. c3 0-0 10. d4 Bb6 11. a4 Bb7 12. Bc2 Re8 13. axb5 axb5 14. Rxa8 Qxa8 15. d5 Ne7 16. Na3 b4 17. cxb4 Ng6 18. Nc4 Qa7 19. Nxb6 Qxb6 20. b5 Ra8 21. Qe2 Bc8 22. Be3 Qb7 23. Bb3 Bd7 24. Bc4 Rb8 25. Ra1 Ra8 26. Rxa8+ Qxa8 27. Qc2 Qb7 28. Nd2 Nh5 29. b6 cxb6 30. Qb3 b5 31. Bf1 Qc8 32. Bxb5 Bxh3 33. gxh3 Qxh3 34. Qd1 Nhf4 35. Bxf4 Nxf4 36. Qf3 Qh4 37. Bf1 Qg5+ 38. Qg3 Qh5 39. Nf3 g5 40. b4 f6 41. b5 Kh7 42. b6 Qf7 43. Qg4 Qb7 44. Qf5+ Kg7 45. Nd2 Qxb6 46. Qd7+ Kg6 47. Nc4 Qb1 48. Nxd6 Kh5 49. Qf7+ Kg4 50. Nc4 Kh4 51. Qxf6 h5 52. Ne3 Qe1 53. Ng2+ Nxg2 54. Kxg2 Qxe4+ 55. Qf3 Qxf3+ 56. Kxf3 g4+ 57. Ke4 Kg5 58. Kxe5 h4 59. d6 h3 60. d7 h2 61. d8Q+ Kh5 62. Kf5 Kh6 63. Qh8# 1-0

[Event "Badalona Castella op-B 45th"]
[Site "Badalona"]
[Date "2019.08.02"]
[Round "1.7"]
[White "Campins Barberia, Jon"]
[Black "Abreu Flores, Daniel"]
[Result "0-1"]
[WhiteElo "1547"]
[BlackElo "1897"]
[PlyCount "64"]
[EventDate "2019.08.02"]
[EventType "swiss"]
[EventRounds "9"]
[EventCountry "ESP"]
[SourceTitle "EXT 2024"]
[Source "ChessBase"]
[SourceDate "2023.10.10"]
[SourceVersion "1"]
[SourceVersionDate "2023.10.10"]
[SourceQuality "1"]

1. e4 e6 2. d4 d5 3. Nc3 Nf6 4. e5 Nfd7 5. f4 c5 6. Nf3 Nc6 7. Be3 b6 8. Be2 Be7 9. 0-0 0-0 10. Qd2 f6 11. a3 fxe5 12. fxe5 Rxf3 13. Bxf3 cxd4 14. Bxd5 exd5 15. Nxd5 dxe3 16. Nxe7+ Nxe7 17. Qxe3 Bb7 18. Rad1 Qe8 19. Qd4 Qg6 20. Rf2 Rf8 21. Rdf1 Rxf2 22. Rxf2 Qe6 23. Rd2 Qxe5 24. Qf2 Nf6 25. Re2 Ne4 26. c3 Ng6 27. Qe1 h6 28. Qd1 Qg5 29. Qf1 Ba6 30. Qf3 Qc1+ 31. Qf1 Qxf1+ 32. Kxf1 Nf4 0-1

[Event "Barcelona Sant Marti op-B 20th"]
[Site "Barcelona"]
[Date "2018.07.18"]
[Round "6"]
[White "Mercader Rubio, Luis"]
[Black "Campins Barberia, Jon"]
[Result "1-0"]
[WhiteElo "1732"]
[BlackElo "1547"]
[PlyCount "97"]
[EventDate "2018.07.13"]
[EventType "swiss"]
[EventRounds "9"]
[EventCountry "ESP"]
[SourceTitle "EXT 2019"]
[Source "ChessBase"]
[SourceDate "2018.10.10"]
[SourceVersion "1"]
[SourceVersionDate "2018.10.10"]
[SourceQuality "1"]

1. d4 Nf6 2. c4 e6 3. Nc3 Bb4 4. Bg5 h6 5. Bf4 0-0 6. Nf3 b6 7. e3 d5 8. a3 Bd6 9. Bxd6 Qxd6 10. Rc1 Bb7 11. cxd5 Nxd5 12. Nb5 Qd7 13. e4 c6 14. Ne5 Qe7 15. exd5 cxb5 16. Nc6 Qd6 17. Bxb5 exd5 18. Ne5 a6 19. Be2 Nd7 20. Nxd7 Qxd7 21. 0-0 Rac8 22. Qb3 b5 23. h3 Rc6 24. Rc5 Rxc5 25. dxc5 Rc8 26. Rc1 d4 27. Bg4 Qc6 28. Qg3 Re8 29. Bf3 Re4 30. b4 d3 31. Rd1 d2 32. Rxd2 Re1+ 33. Kh2 Qf6 34. Qb8+ Kh7 35. Bxb7 Qa1 36. Qf4 Rh1+ 37. Kg3 Qxa3+ 38. Bf3 Re1 39. Qd4 Re6 40. Kh2 Qc1 41. Be4+ g6 42. Bf3 Re1 43. Rd1 Rxd1 44. Bxd1 Qg5 45. Bf3 h5 46. c6 Qe7 47. h4 Qc7+ 48. g3 Kh6 49. Qf4+ 1-0